Wszystkie przystanki tramwajowe/autobusowe w Łodzi - Statystyki

Ogólne statystyki
  • Ten quiz został rozwiązany 9 razy
  • Średni wynik to 147 z 261
Statystyki odpowiedzi
Z jakimi ulicami się krzyżuje? Ulica % Poprawnych
Pogonowskiego, Żeligowskiego 1 maja
100%
Korczaka, Morska, Świetlicowa 3 maja
100%
6 sierpnia, Pogonowskiego 6 sierpnia
100%
Atlas Arena, Dw. Łódź Kaliska, Wileńska, Wróblewskiego Bandurskiego
100%
Kilińskiego, Kraszewskiego, Tatrzańska, Śmigłego Rydza Broniewskiego
100%
Chocianowicka 143, Chocianowicka 199, Chocianowicka 57, Chocianowicka 95, Pabianicka Chocianowicka
100%
Cmentarna, Legionów Cmentarna
100%
Piotrkowska Czerwona
100%
Kilińskiego, Piotrkowska, Sienkiewicza, Targowa, Wysoka Nawrot
100%
Augustów, Brzozowa, Czajkowskiego, Dw. Łódź Zarzew, Kilińskiego, Lodowa, Mechaniczna (CRO), Nurta-Kaszyńskiego, Tatrzańska, Zapadła, rondo Sybiraków, Łęczycka, Śmigłego-Rydza Przybyszewskiego
100%
Dw. Łódź Fabryczna Rodziny Pozńańskich
100%
Andrzejki, Augustów, Autostrada A1, Azaliowa, Dunikowskiego, Gajcego, Gogola, Gwarna, Hetmańska, Józefiaka, Książąt Polskich, Lermontowa, Maszynowa, Młynarska, Prosta, Rokicińska 144, Transmisyjna, Walentynowicz, rondo Inwalidów Rokicińska
100%
Dw. Łódź Chojny, Konspiracyjnego WP, Kowalszczyzna, Lodowa, Niższa, Szymańskiego, Śląska Śląska
100%
Broniewskiego, Dąbrowskiego, Grota-Roweckiego, Milionowa, Piłsudskiego, Przybyszewskiego, Zbiorcza Śmigłego Rydza
100%
Kilińskiego (EC1 Centr. Nauki), Przędzalniana, Rodz, Kindermannów, Sienkiewicza, Targowa (Planetarium), Wysoka Tuwima
100%
1 Maja, Gdańska, pl. Barlickiego, pl. Hallera Zielona
100%
Dw. Łódź Radogoszcz Zachód, Jantarowa, Radogoszcz Zachód 11 listopada
83%
Bielicowa, Chochoła, Kaczeńcowa, Lechicka, Romanowska, Spadkowa, Szczecińska, Szparagowa, Traktorowa Aleksandrowska
83%
Batalionów Chłopskich, Napierskiego Armii Krajowej
83%
Bacewicz, Rokicińska, Wujaka Augustów
83%
Bałucki Rynek Bałucki Rynek
83%
Demokratyczna, Pabianicka, Pryncypalna, Rzgowska, Siostrzana Bartoszewskiego
83%
Wileńska, Wróblewskiego Bratysławska
83%
600-lecia miasta Łodzi, Czternastu Straconych Brójecka
83%
600-lecia miasta Łodzi, Wiskicka Bronisin
83%
Autostrada A1, CH M1, Granatowa, Hiacyntowa, Janosika, Karkonoska, Kerna, Marmurowa, Nowosolna, Olkuska, Tatarkiewicza, Śnieżna Brzezińska
83%
Piotrkowska Brzeźna
83%
Bukowiec 61 Bukowiec
83%
Dw. Łódź Dąbrowa, Kilinskiego, Kossaka, Lodowa, Ossendowskiego, Podhalańska, Rzgowska, Tatrzańska, Tomaszowska, Śmigłego-Rydza Dąbrowskiego
83%
Łagiewnicka Dolna
83%
Doły, Smutna, Telefoniczna Doły
83%
Hoffmanowej, Pabianicka, Pusta Dubois
83%
Inflancka, Kowalska, Organizacji WiN, Północna, Tokarzewskiego, Wojska Polskiego Frańciszkańska
83%
1 maja, Legionów, Struga, Zielona Gdańska
83%
Obywatelska, Pabianicka, Rogozińskiego, Wróblewskiego, Łaska Jana Pawła II
83%
Wileńska, Włókniarzy Karolewska
83%
Drewnowska, Kutrzeby, Legionów, Srebrzyńska Kasprzaka
83%
Broniewskiego, Dw. Łódź Chojny, Dąbrowskiego, Fabryczna, Jaracza, Narutowicza, Nawrot, Piłsudskiego, Pomorska, Poznańska, Przybyszewskiego, Przystanek mBank, Północna, Rewolucji 1905r., Senatorska, Słowackiego, Tuwima, Tymienieckiego Kilińskiego
83%
Autostrada A1, Bronisin, Cierniówki, Czajewskiego, Kalinowskiego, Kolumny, Kolumny 118, Kolumny 242, Kolumny 88, Mahoniowa, Morenowa, Mozaikowa, Ogrodnicza, Platanowa, Rzgowska, Tomaszowska, Wrzecionowa Kolumny
83%
CPN , Kocidłowska, Krakowska, Krańcowa, Kwasowa, Smulska, Unii Lubelskiej (Fala), ZOO Orientarium, Zaj. Muzealna Brus Konstantynowska
83%
Narutowicza, Piłsudskiego, Tuwima, rondo Solidarności Kopcińskiego
83%
Tobaco Park, Łąkowa, Żeromskiego Kopernika
83%
6 Sierpnia, Mickiewicza, Radwańska, Struga, Zamenhofa Kościuszki
83%
Artylerejska, Gdańska, Kasprzaka, Włókniarzy, Zachodnia, Żeligowskiego Legionów
83%
Bałucki Rynek, Dw. Łódź Żabieniec, Grunwaldzka, Klonowa, Limanowskiego, Mokra, Piwna. Pułaskiego, Sierakowskiego, Woronicza, Zachodnia, zaj. Limanowskiego Limanowskiego
83%
Andrzejewskiej, Dostawcza, Dąbrowskiego, Lodowa 91, Lodowa 97, Ordonówny, Przybyszewskiego, cm. Zarzew Lodowa
83%
Czarnkowska, Klonowa, Włókniarzy, Zachodnia Lutomierska
83%
Kościuszki, Łąkowa, Żeromskiego Mickiewicza
83%
Północna Nowomiejska
83%
Hetmańska Odnowiciela
83%
Gdańska, Karskiego, Nowomiejska, cm. Ogrodowa Ogrodowa
83%
Olechowska 22, Olechowska 36, Olechowska 56, Przewozowa, Tomaszowska Olechowska
83%
ET-2, 3 Maja, Chocianowicka, Dubois, Dw. Łódź Pabianicka, Długa, Jana Pawła II, Mierzejowa, Prądzyńskiego, Rudzka, Wólczańska, r. Lotników Lwowskich Pabianicka
83%
CH Tulipan, Kilińskiego, Konstytucyjna (Wi-Ma), Niciarniana, Przędzalniana, Sarnia, Sienkiewicza, Targowa, Widzew Stadion, Śmigłego-Rydza Piłsudskiego
83%
Brzeźna, Czerwona, pl. Katedralny, pl. Niepodległości, Żwirki Piotrkowska
83%
Kamińskiego, Kilińskiego, Nowomiejska, Sterlinga Północna
83%
Arniki, CKD szpital, Dw. Łódź Stoki, Edwarda, Frezjowa, Gryfa Pomorskiego, Henrykowska, Iglasta, Kamińskiego, Kasprowy Wierch, Kilińskiego, Konstytucyjna, Lumumby (kampus UŁ), Matejki, Nowosolna, Pomorska 466, Popielarnia, Sterlinga, Tamka, Wendy, Wierzbowa, rondo Solidarności, Śródziemnomorska Pomorska
83%
Bankowa, Bartoszewskiego, Dachowa, Dąbrowskiego, ICZMP szpital, Kurczaki, Leczniza, Paderewskiego, Paradna, Zagłoby, Zarzewska, cm. Rzgowska, św. Wojciecha Rzgowska
83%
Gdańska, Kościuszki, Piotrkowska, Pogonowskiego, Włókniarzy, Żeligowskiego, Żeromskiego Struga
83%
Broniewskiego, Brzechwy, Dąbrowskiego, Grota-Roweckiego, Rydla Tatrzańska
83%
Bystrzycka, Chmurna, Pieniny, Tamka, Telefoniczna 27, Telefoniczna Zajezdnia, Weselna Telefoniczna
83%
Bławatna, Jędrzejowska, Małego Rycerza, Ofiar Terroryzmu, 11 Września, Olechowska Tomaszowska
83%
Kilińskiego, Przędzalniana, Sienkiewicza, Tymienieckiego, ŁSSE Tymienieckiego
83%
Centralna, Deczyńskiego, Dw. Łódź Warszawska, Irysowa, Słowicza, Wycieczkowa Warszawska
83%
Długosza, Karolewska (Dw. Łódź Kalska), Legionów, Liściasta, Lutomierska, Mickiewicza (Dw. Łódź Kaliska), Srebrzyńska, Włókniarzy, Żubardzka, św. Teresy Włókniarzy
83%
Franciszkańska, Głowackiego, Marynarska, Palki, Sporna, Łomnicka Wojska Polskiego
83%
Nowaka Jeziorańskiego, Rogowska, Strykowska, Warszawska, Wiewiórcza, Woskowa, Wycieczkowa, Wycieczkowa 86, Wypoczynkowa Wycieczkowa
83%
Legionów, Limanowskiego, Lutomierska, Manufaktura, Próchnika, Więckowskiego Zachodnia
83%
Adwokacka, Bałucki Rynek, Biegańskiego, Brzoskwiniowa, Dolna, Helenówek, Julianowska, Pasieczna, Przedwiośnie, Sikorskiego, Sędziowska, cm.Radogoszcz, pl. Kościelny, pl. Pamięci Narodowej, Świtezianki Zgierska
83%
Piotrkowska Żwirki
83%
Boginia, Byszewska, Nowosolna, Pomarańczowa Byszewska
67%
Czahary, Prądzyńskiego Czahary
67%
Bartoszewskiego, Demokratyczna 117, Dzwonowa, Matowa, Starorudzka, Trybunalska Demokratyczna
67%
Piwna, Zachodnia Drewnowska
67%
Elektronowa 8, Nowe Sady, Obywatelska Elektronowa
67%
Graniczna 62, Przestrzenna, Rozalii Graniczna
67%
Dąbrówki, Janów, Juranda ze Spychowa, Zagłoby, Zakładowa Hetmańska
67%
Gibalskiego, Marysińska, Zagajnikowa, r. Powstańców 1863r. Inflancka
67%
Kilińskiego, P.O.W, Piotrkowska, Wierzbowa Jaracza
67%
Aleksandrowska, Lniana, Warecka, Wersalska, św. Teresy Kaczeńcowa
67%
Kopanka 24a Kopanka
67%
Armii Krajowej, Babickiego, Popiełuszki, Retkińska Kusocińskiego
67%
Dolna, Dw. Łódź Arturówek, Jaskółcza, Kowalska, Kuropatwia, Litewska, Morelowa, Murarska, Przepiórcza, Pszczelna, Sowińskiego, r. Powstańców 1863r., Łagiewnicka 292, Łagiewnicka 311 Łagiewnicka
67%
Karolewska, Struga Łąkowa
67%
Czereśniowa, Liściasta 72, cm. Radogoszcz Liściasta
67%
Dw. Łódź Retkinia, Gimnastyczna, Golfowa, Kolarska, Maratońska 91, Obywatelska, Plocka, Popiełuszki, Saniatriuszek, Stadion Miejski, Trasa S14, Wróblewskiego Maratońska
67%
Kilińskiego, Piotrkowska, Przędzalniana, Szkoła Mistrzostwa Sportowego, Słowiańska, Śmigłego-Rydza Milionowa
67%
Kilińskiego, Kopcińskiego, Matejki, P.O.W, Radiostacja, Tramwajowa, pl. Dąbrowskiego Narutowicza
67%
Czechosłowacka, Dw. Łódź Niciarniana Dw. Łódź Zarzew, Niciarniana 45, Piłsudskiego, Przybyszewskiego, przychodnia Niciarniana
67%
Elektronowa, Pustynna, ROD Olimpijka, Waltera-Janke, zajezdnia MPK, zajezdnia NOWE SADY Nowe Sady
67%
Cieszkowskiego, Elektronowa, Jana Pawła II, Króla, Nowe Sady, Obywatelska, Politechniki, Waltera-Janke Obywatelska
67%
Dell, Tomaszowska, Transmisyjna, terminal Olechów Ofiar Terroryzmu 11 Września
67%
Dąbrowskiego, Lodowa Ossendowskiego
67%
Karpacka, Rzgowska, Tuszyńska, Zaolziańska, r. Lotników Lwowskich Paderewskiego
67%
Giewont Pieniny
67%
Obywatelska, Radwańska (kampus PŁ), Skrzywana, Targi Łódzkie, Wróblewskiego, park im. Klepacza, r. Lotników Lwowskich Politechniki
67%
Jaracza P.O.W
67%
Fabryczna, Milionowa, Nawrot, Piłsudskiego, Tymienieckiego Przędzalniana
67%
Andrzejewskiej, Chmielowskiego, Dostawcza, Dąbrowskiego, rondo Inwalidów, rondo Sybiraków Puszkina
67%
Inżynierska, Piotrkowska, Politechniki (kampus PŁ), Wólczańska Radwańska
67%
Kamińskiego, Kilińskiego, Sterlinga, Wschodnia Rewolucji 1905r.
67%
Kaczeńcowa, Rydzowa, Szczecińska, Traktorowa, Wici, Wiernej Rzeki Rojna
67%
Cienista, Farna, Municypalna, Pabianicka, Popioły, Przestrzenna, Skrajna Rudzka
67%
Narutowicza, Piłsudskiego, Pogotowie Ratunkowe, Roosvelta, Tuwima, park Sienkiewicza Sienkiewicza
67%
Bracka, Wojska Polskiego Sporna
67%
Jarzynowa, Kasprzaka, Unii Lubelskiej, cm. Mania Srebrzyńska
67%
Stoki Stoki
67%
Herbowa, Imelnik Nowy, Inflancka, Jana I Cecylii, Kwarcowa, Okólna, Opolska, Rogowska, Strykowska, Strykowska 241, Wojska Polskiego, Łodzianka | Herbowa, Imielnik Nowy, Inflancka, Jana i Cecylii, Kwarcowa, Okólna, Opolska, Rogowska, Strykowska, Strykowska 241, Wojska Polskiego, Łodzianka Strykowska
67%
Dw. Łódź Radogoszcz Wschód, Natrojowa, Sikorskiego, Syrenki, Zgierska Świtezianki
67%
Brukowa, Kaczeńcowa, Szczecińska, Traktorowa, Włókniarzy, św. Teresy 109, św. Teresy 91 św. Teresy
67%
Liściasta, cm. Szczecińska, św. Teresy Szczecińska
67%
Aleksandrowska Szparagowa
67%
Styrska, Telefoniczna Tamka
67%
Aleksandrowska, Duńska, Ludowa, Nektarowa, Rojna, Rabieńska, Sierpowa, Łanowa, św. Teresy Traktorowa
67%
Kosodrzewiny Transmisyjna
67%
CH PTAK, Kolumny Tuszyńska
67%
Aquapark Fala, Dw. Łódź Kaliska, Konstantynowska (Fala), Praussa, Sport Arena P&R, Srebrzyska Unii Lubelskiej
67%
Narutowicza, Rewolucji 1905r., rondo Solidarności Uniwersytecka
67%
Maratońska, Wyszyńskiego Waltera Janke
67%
Politechniki (kampus PŁ) Wróblewskiego
67%
Kościuszki, Piotrkowska Zamenhofa
67%
Struga, pl. Hallera Żeligowskiego
67%
Kopernika, Mickiewicza, Radwańska, Struga, Więckowskiego (LO nr 1), Zielona, pl. Barlickiego, Żwirki Żeromskiego
67%
Beskidzka, Budy, Moskuliki, Opolska Zjazdowa
67%
Kwiatowa, Legnicka, Podchorążych, Siewna, Stare Złotno, Zaporowa, Złotno Złotno
67%
Pabianicka, Unicka Bednarska
50%
Krakowska, Krańcowa Biegunowa
50%
Kolumny Bieszczadzka
50%
Chojny Kurczaki Chojny Kurczaki
50%
Kilińskiego, Przędzalniana, Targowa Fabryczna
50%
Gojawiczyńskiej, Kadłubka, Konspiracyjnego WP Felińskiego
50%
Dąbrowskiego Gojawiczyńskiej
50%
Grabina 50, Grabina/Lipowa, Grabina/Lipowa1 Grabina
50%
Grabińska 10, Nowosolna, Podwodna Grabińska
50%
Powstańców Śląskich, Pszczyńska, Telefoniczna, Wyżynna Janosika
50%
Zgierska, Żarnowcowa Julianowska
50%
Ogrodowa Karskiego
50%
Limanowskiego, Lutomierska Klonowa
50%
Kochanówka Kochanówka
50%
Felińskiego, Śląska Konspiracyjnego WP
50%
Małachowskiego, Narutowicza Konstytucyjna
50%
Królewska, Pryncypalna, Trybunalska, Wczesna, Łazowskiego Kosynierów Gdyńskich
50%
Konstantynowska, Konstantynowska (ZOO Orientarium), Kowieńska, Retkińska Krzemieniecka
50%
Zakładowwa Książąt Polskich
50%
Rzgowska, Socjalna, cm. Kurczaki Kurczaki
50%
Adelmówek, Chełmy, Ciesielskiego, Głowna, Górna, Ludowa, Malinowa, Nowa, Teklin, Widzew-Żdżary Łódzka
50%
Niciarniana Małachowskiego
50%
ICZMP przychodnia, ICZMP szpital, Przednia, Szczanickiej Matek Polskich
50%
Długa, Koszalińska Mierzejowa
50%
Aleksandrowska, Niesięcin, Szczecińska Niesięcin
50%
Antyczna, Okólna, Secesyjna, Serwituty, Łagiewnicka, Łagiewniki Okólna
50%
pl. Niepodległości pl. Niepodległości
50%
Brukowa, Elektrociepłownia EC3, Grunwaldzka, Sierakowskiego, Włókniarzy, Zgierska Pojezierska
50%
Maratońska, Popiełuszki 21, Pływacka, Wyszyńskiego Popiełuszki
50%
Bartoszewskiego, Kosynierów Gdyńskich, Mieszkalna, Mocna Pryncypalna
50%
Karowa, Rudzka, Sławna, Tabelowa Przestrzenna
50%
Cieplarniana, Kwiatowa, Podjazdowa, Szczecińska, Szwadronowa, Traktorowa, Wojskowa Rąbieńska
50%
Gajcego, Słoneczne Zacisze Rataja
50%
Dw. Łódź Retkinia, Krzemienicka, Kusocińskiego, Wileńska, Wyszyńskiego, Zagrodniki Retkińska
50%
Aleksandrowska, Romanowska Romanowska
50%
Biwakowa, Dw. Łódź Lublinek, G.O.Ś, Łaskowice Sanitariuszek
50%
Bartoszewskiego, Graniczna Siostrzana
50%
Demokratyczna, Pabianicka Starorudzka
50%
Pomorska, Północna, Rewolucji 1905r, pl. Dąbrowskiego Sterlinga
50%
Narutowicza Tramwajowa
50%
Demokratyczna, Przednia, Zagadkowa, Świecka Ustronna
50%
Tramwajowa Węglowa
50%
Szczecińska, Wersalska 47 Wersalska
50%
Wiejska Widzewska
50%
Pułaskiego Wielkopolska
50%
Kilińskigo, Sienkiewicza Wigury
50%
Czerwona, Radwańska, Skorupki, Skrzywana Wólczańska
50%
Dw. Łódź Żabieniec Woronicza
50%
Jaracza Wschodnia
50%
Rodziny Grohmanów Wydawnicza
50%
Armii Krajowej, Retkińska, Waltera-Janke, blok 270, os. Piaski Wyszyńskiego
50%
Cynarskiego, Dorabialskiej, Dyspozytorska, Hetmańska, Józefiaka NŻ, Ksiąząt Polskich, Odnowiciela, Piasta Kołodzieja, Transmisyjna, Tranzytowa Zakładowa
50%
Bulwary Nad Łódką, Dwernickiego, Wojska Polskiego Źródłowa
50%
Bronisin, Brójecka 600 lecia miasta Łodzi
33%
Sienkiewicza Abramowskiego
33%
Czechosłowacka, Pomorska Edwarda
33%
Albańska, Plażowa Farna
33%
Dworcowa Feliksińska
33%
Pomorska Frezjowa
33%
Dw. Łódź Andrzejów, Rataja, Rokicińska, Szelburg-Zarembiny, Słowiańska, Zakładowa, szkoła Gajcego
33%
Maratońska Golfowa
33%
Limanowskiego, Olsztyńska, Pojezierska Hipoteczna
33%
Dw. Łódź Olechów Wiadukt, Tomaszowska Jędrzejowska
33%
Kalonka, Kalonka/Centrum Ojca Pio Kalonka
33%
Szybowa Kotoniarska
33%
Odolanowska Kutrzeby
33%
Kosynierów Gdyńskich, Żywotna Łazowskiego
33%
Aeroklub, Pienista Maczka
33%
Beskidzka, Brzezińska, Moskuliki, Opolska Marmurowa
33%
Inflancka, Okopowa, Rokicińska, Szklana Marysińska
33%
Młynek Młynek
33%
11 Listopada, Zgierska Okulickiego
33%
Zjazdowa Opolska
33%
Smutna, Wojska Polskiego, Źródłowa Palki
33%
Matek Polskich, Obszerna, Rzgowska, Ustronna Paradna
33%
Komandorska, Obywatelska, Rusałki Pienista
33%
Darniowa, Pokładowa, Rozwojowa Prądzyńskiego
33%
Gdańska, Piotrkowska, Zachodnia, Próchnika
33%
Sowia, Wróblewskiegoo Proletariacka
33%
Nowe Sady Pustynna
33%
Radogoszcz Wschó Radogoszcz Wschód
33%
Inżynierska Rembielińskiego
33%
Retkinia Retkinia
33%
Retkinia Maratońska Retkinia Maratońska
33%
Aleksandrowska, Lniana Rydzowa
33%
Krakowska Siewna
33%
Dw. Łódź Arturówek, Herlinga-Grudzińskiego, Nastrojowa, Zgierska Sikorskiego
33%
Juhasowa, Kasprowy Wierch Skalna
33%
Pogonowskiego, Żeromskiego Skłodowskiej Curie
33%
Dw. Łódź Widzew, Jurczyńskiego Służbowa
33%
Brzezińska, Stokowa Śnieżna
33%
Powszechna Sternfelda
33%
Stoki Krokiew Stoki Krokiew
33%
Rzgowska, Tuszyńska Strażacka
33%
Gajowa Stróża
33%
Zenitowa, Zwrotnikowa Św. Franciszka
33%
Mieszczańska, Rzgowska św. Wojciecha
33%
Puszkina Techniczna
33%
Kosynierów Gdyńskich, Kwietniowa Trybunalska
33%
Autostrada A1, Nowosolna, Wiączyńska 16, Wiączyńska 32 Wiączyńska
33%
Feliksińska, Przylesie, Rokicińska, Wieśniacza Wieńcowa
33%
Inflancka, Okopowa, Radlińskiej Zagajnikowa
33%
Kilińskiego, Praska, Rzgowska Zarzewska
33%
Franciszkańska Zawiszy Czarnego
33%
Godlewskiego, Przyklasztorze, Łagiewniki DK nr 71
17%
Hotel, Młyn, O.sz i W, Wieś Dobieszków
17%
Graniczna, Kwaterunkowa, Starorudzka, Żwawa Ekonomiczna
17%
Złotno Fizylierów
17%
Nowy Józefów Gilette
17%
Bedońska, Okólna, Rybna Główna
17%
Pabianicka Gombrowicza
17%
Lutomierska Inowrocławska
17%
Błonia Łódzkie Juszczakiewicza
17%
ROD Relaks, Witkacego Kasprowicza
17%
Brzóski, Kalinowa Kniaziewicza
17%
Jutrzenki, Pryncypalna Kongresowa
17%
Krańcowa mijanka Krańcowa mijanka
17%
Zrębowa Krokusowa
17%
Nad Dobrzynką Łaskowice
17%
Dw. Łódź Pabianicka Leszczowa
17%
Kobaltowa Łupkowa
17%
Dw. Łódź Zarzew Maciejewskiego
17%
Gerberowa, Rataja, Taborowa Malownicza
17%
Mazowiecka Nowogrodzka
17%
Franciszkańska Organizacji WiN
17%
Urząd Skarbowy Widzew Papiernicza
17%
Molla, Napoleońska, Szczecińska, park Podchorążych, Łucznicza Podchorążych
17%
Świętojańska Pokładowa
17%
Dw. Łódź Stoki Poronińska
17%
Dojazdowa, Kasztelańska, Żucza Skrzydlata
17%
Biegunowa Spadochroniarzy
17%
Gdańska, Pogonowskiego, Zachodnia, Żeligowskiego Więckoskiego
17%
Prądzyńskiego Zamojska
17%
Giewont, Potkowa Zbocze
17%
św. Franciszka Zenitowa
17%
Nie znaleziono quizów pasujących do podanych kryteriów
Rozkład punktacji
Procent ludzi z każdym wynikiem
Percentyl według liczby udzielonych odpowiedzi
Twoja historia wyników
Nie rozwiązałeś tego quizu